000 00270nam a22001097a 4500
008 170125b xxu||||| |||| 00| 0 eng d
020 _a9780781763134
041 _aeng
080 _24TH
_a618.2
245 _aQUALITATIVE RESEARCH IN NURSING
_cSPEZIALE, H.J
942 _2udc
_cBK
999 _c3565
_d3565